The Sale Of Goods Act / (Record no. 179894)

MARC details
000 -LEADER
fixed length control field 00653nam a22002177a 4500
005 - DATE AND TIME OF LATEST TRANSACTION
control field 20210715122456.0
010 ## - LCCN (DPL NO)
LC control number ENG-129555
020 ## - INTERNATIONAL STANDARD BOOK NUMBER
International Standard Book Number 978-81-9529-452-7
Terms of availability 1495.00
035 ## - SYSTEM CONTROL NUMBER
System control number EN-113087
037 ## - SOURCE OF ACQUISITION
Source of stock number/acquisition DBAD/PUB
082 ## - DEWEY DECIMAL CLASSIFICATION NUMBER
Classification number 346.54072
100 ## - MAIN ENTRY--PERSONAL NAME
Personal name Pollock
245 ## - TITLE STATEMENT
Title The Sale Of Goods Act /
Statement of responsibility, etc by Pollock & Mulla
260 ## - PUBLICATION, DISTRIBUTION, ETC. (IMPRINT)
Place of publication, distribution, etc Gurgaon
Name of publisher, distributor, etc LexisNexis
Date of publication, distribution, etc 2021
270 ## - ADDRESS
Address 14th Floor,Building No 10,Tower-B,DLE Cyber City, Phase-2
City Haryana
Postal code 122002
Telephone number 1244774444
Electronic mail address www.lexisnexis.co.in
300 ## - PHYSICAL DESCRIPTION
Extent 412p
Dimensions 25cm(Hb)
500 ## - GENERAL NOTE
General note Includes index
700 ## - ADDED ENTRY--PERSONAL NAME
Personal name Pollock
700 ## - ADDED ENTRY--PERSONAL NAME
Personal name Mulla
942 ## - ADDED ENTRY ELEMENTS (KOHA)
Source of classification or shelving scheme Dewey Decimal Classification
Item type English Books
Classification part 346.54074
Call number suffix Pol
Holdings
Withdrawn status Lost status Not for loan Collection code Home library Current library Date acquired Source of acquisition Cost, normal purchase price Full call number Barcode Copy number Cost, replacement price Koha item type
      Non-fiction Central Library Central Library 15/07/2021 DBAD/PUB 1495.00 346.54074 Pol EN-113087 1 1495.00 English Books

© Delhi Public Library
Hit Counter
free hit counter